Word Chain- Countries - Statistics

General Stats
  • This quiz has been taken 58 times
  • The average score is 14 of 20
Answer Stats
Spelling Country % Correct
Y---- Yemen
96%
D------ Denmark
90%
K----- Kuwait
84%
L--- Laos
80%
O--- Oman
80%
T--- Togo
76%
N-- ------- New Zealand
75%
T----- Turkey
75%
D-------- -------- Dominican Republic
73%
I------ Ireland
73%
N---- ----- North Korea
71%
A------ Albania
67%
N---- Nepal
65%
A--------- Azerbaijan
61%
N---- -------- North Macedonia
59%
A---------- Afghanistan
55%
C----- Canada
55%
E---- Egypt
53%
S------- Suriname
43%
A------- Armenia
39%
No matching quizzes found
Score Distribution
Percent of People with Each Score
Percentile by Number Answered
Your Score History
You have not taken this quiz